[Event "Tabor op"]
[Site "Tabor"]
[Date "2012.08.03"]
[Round "7"]
[White "Weinzettl, Ernst"]
[Black "Pravdik, Kamil"]
[Result "1-0"]
[WhiteElo "2305"]
[BlackElo "2092"]
[PlyCount "33"]
[EventDate "2012.07.29"]
[EventType "swiss"]
[EventRounds "9"]
[EventCountry "CZE"]
[SourceTitle "EXT 2013"]
[Source "ChessBase"]
[SourceDate "2012.11.22"]
[SourceVersion "1"]
[SourceVersionDate "2012.11.22"]
[SourceQuality "1"]

1. e4 c5 2. Nf3 e6 3. Nc3 d6 4. d4 cxd4 5. Nxd4 Nf6 6. g3 Be7 7. Bg2 0-0 8. 0-0 Nc6 9. b3 a6 10. Nce2 Rb8 11. c4 d5 12. exd5 exd5 13. cxd5 Nb4 14. Bf4 Bd6 15. Bg5 Be7 16. d6 Bxd6 17. a3 1-0

[Event "Tabor op"]
[Site "Tabor"]
[Date "2012.07.31"]
[Round "4"]
[White "Pravdik, Kamil"]
[Black "Paulik, Vaclav"]
[Result "1-0"]
[WhiteElo "2092"]
[BlackElo "1878"]
[PlyCount "45"]
[EventDate "2012.07.29"]
[EventType "swiss"]
[EventRounds "9"]
[EventCountry "CZE"]
[SourceTitle "EXT 2013"]
[Source "ChessBase"]
[SourceDate "2012.11.22"]
[SourceVersion "1"]
[SourceVersionDate "2012.11.22"]
[SourceQuality "1"]

1. e4 c5 2. Nf3 Nc6 3. d4 cxd4 4. Nxd4 e5 5. Nb5 a6 6. N5c3 Bb4 7. a3 Bc5 8. Bc4 b5 9. Bxf7+ Kf8 10. Bd5 Qf6 11. 0-0 Nge7 12. Be3 Ba7 13. Nd2 Ke8 14. Qh5+ Qg6 15. Qxg6+ Nxg6 16. Rae1 Rf8 17. Nb3 Bxe3 18. Rxe3 Ra7 19. Rd1 Rc7 20. g3 Ke7 21. Red3 b4 22. Ne2 bxa3 23. bxa3 1-0

[Event "Tabor op"]
[Site "Tabor"]
[Date "2012.07.30"]
[Round "2"]
[White "Pravdik, Kamil"]
[Black "Hausner, Ivan"]
[Result "1/2-1/2"]
[WhiteElo "2092"]
[BlackElo "2408"]
[PlyCount "79"]
[EventDate "2012.07.29"]
[EventType "swiss"]
[EventRounds "9"]
[EventCountry "CZE"]
[SourceTitle "EXT 2013"]
[Source "ChessBase"]
[SourceDate "2012.11.22"]
[SourceVersion "1"]
[SourceVersionDate "2012.11.22"]
[SourceQuality "1"]

1. e4 c5 2. Nf3 e6 3. d4 cxd4 4. Nxd4 a6 5. Nc3 Qc7 6. Be2 Nf6 7. 0-0 d6 8. a4 Nc6 9. Kh1 Be7 10. f4 0-0 11. Be3 Rb8 12. Bf3 Na5 13. Qe1 Nc4 14. b3 Nxe3 15. Qxe3 Qc5 16. e5 dxe5 17. fxe5 Nd7 18. Rae1 Rd8 19. Ne4 Qxe5 20. Qf2 Nf6 21. c3 Qc7 22. Bd1 Rf8 23. Bc2 Nxe4 24. Rxe4 Qxc3 25. Rg4 f5 26. Rg3 Qc7 27. Qe2 Kh8 28. Nxe6 Bxe6 29. Qxe6 Qxc2 30. Qxe7 Qb2 31. h3 Qf6 32. Re1 Qf7 33. Qb4 f4 34. Rf3 b5 35. Re4 g5 36. Re7 Qf6 37. Qe4 Qf5 38. Qd4+ Qf6 39. Qe4 Qf5 40. Qd4+ 1/2-1/2

[Event "CZE-chT2A 1011"]
[Site "Czech Republic"]
[Date "2011.01.23"]
[Round "6"]
[White "Pravdik, Kamil"]
[Black "Filipi, Stepan"]
[Result "1-0"]
[WhiteElo "2038"]
[BlackElo "2100"]
[PlyCount "69"]
[EventDate "2010.10.17"]
[EventType "team-tourn"]
[EventRounds "11"]
[EventCountry "CZE"]
[SourceTitle "EXT 2012"]
[Source "ChessBase"]
[SourceDate "2011.11.24"]
[SourceVersion "1"]
[SourceVersionDate "2011.11.24"]
[SourceQuality "1"]
[WhiteTeam "Tabor II"]
[BlackTeam "Vysehrad II"]
[WhiteTeamCountry "CZE"]
[BlackTeamCountry "CZE"]

1. e4 c5 2. Nf3 e6 3. d4 cxd4 4. Nxd4 a6 5. Nc3 Qc7 6. Be2 Nf6 7. 0-0 d6 8. a4 b6 9. Kh1 Bb7 10. Bd3 Nbd7 11. f4 h5 12. Nf3 h4 13. Ng5 Be7 14. Qe2 Nh5 15. Nh3 Bf6 16. Ra3 Nc5 17. Be3 g6 18. Qf2 Rc8 19. Bd4 Ng3+ 20. hxg3 hxg3 21. Qe3 Bxd4 22. Qxd4 e5 23. fxe5 Qd7 24. e6 Rxh3+ 25. gxh3 Qxe6 26. Kg2 f5 27. Bc4 Qe7 28. Nd5 Qh4 29. Rf4 Qh6 30. exf5 Nd7 31. Re3+ Kd8 32. Rfe4 Bxd5 33. Qxd5 Kc7 34. Re6 Qf4 35. Rf3 1-0

[Event "Tabor op"]
[Site "Tabor"]
[Date "2010.08.08"]
[Round "9"]
[White "Pravdik, Kamil"]
[Black "Kalod, Michal2222"]
[Result "1-0"]
[WhiteElo "2043"]
[BlackElo "1808"]
[PlyCount "128"]
[EventDate "2010.08.01"]
[EventType "swiss"]
[EventRounds "9"]
[EventCountry "CZE"]
[SourceTitle "EXT 2012"]
[Source "ChessBase"]
[SourceDate "2011.11.24"]
[SourceVersion "1"]
[SourceVersionDate "2011.11.24"]
[SourceQuality "1"]

1. e4 c5 2. Nf3 d6 3. d4 Nf6 4. Nc3 cxd4 5. Nxd4 a6 6. Be2 e6 7. 0-0 Qc7 8. Be3 b5 9. a3 Bb7 10. Bd3 Nbd7 11. Re1 Ne5 12. h3 Be7 13. Qe2 0-0 14. Rad1 Rfe8 15. Nb3 Bf8 16. Bd4 Nfd7 17. Qe3 Nc4 18. Qc1 Nde5 19. Nd2 Nxd3 20. cxd3 Nxd2 21. Rxd2 Rac8 22. Rc2 e5 23. Be3 d5 24. exd5 Bxd5 25. Qd2 Qc6 26. f3 Bb3 27. Rcc1 Qg6 28. Ne4 Be6 29. Kh1 Rxc1 30. Rxc1 Rc8 31. Rxc8 Bxc8 32. Qc3 Qe6 33. d4 exd4 34. Bxd4 Qc4 35. Qxc4 bxc4 36. Kg1 f5 37. Nc3 Kf7 38. Kf2 Ke6 39. Ke3 Bd7 40. Ba7 Bc6 41. Ne2 Ke5 42. Bb8+ Kf6 43. Kd4 Be8 44. Nc3 Bc6 45. Kxc4 Ke6 46. Kd4 g5 47. Be5 g4 48. hxg4 fxg4 49. Ne4 gxf3 50. Ng5+ Kf5 51. Nxf3 Kg4 52. Nh2+ Kh4 53. g3+ Kh3 54. Nf1 Kg2 55. Ne3+ Kf3 56. Nf5 Kg4 57. Ne3+ Kf3 58. Nc4 h5 59. Bc7 Bb5 60. Ne5+ Kg2 61. Ke4 Bh6 62. Nd3 Bd2 63. b3 Bxd3+ 64. Kxd3 Be1 1-0

[Event "Tabor op"]
[Site "Tabor"]
[Date "2010.08.02"]
[Round "2"]
[White "Sourek, Martin"]
[Black "Pravdik, Kamil"]
[Result "1/2-1/2"]
[WhiteElo "1774"]
[BlackElo "2043"]
[PlyCount "99"]
[EventDate "2010.08.01"]
[EventType "swiss"]
[EventRounds "9"]
[EventCountry "CZE"]
[SourceTitle "EXT 2012"]
[Source "ChessBase"]
[SourceDate "2011.11.24"]
[SourceVersion "1"]
[SourceVersionDate "2011.11.24"]
[SourceQuality "1"]

1. d4 Nf6 2. c4 c5 3. Nf3 cxd4 4. Nxd4 Nc6 5. e3 g6 6. b3 Bg7 7. Bb2 0-0 8. Be2 d6 9. 0-0 a6 10. Bf3 Qc7 11. Nc3 e6 12. Rc1 Ne5 13. Rc2 Rd8 14. Rd2 Bd7 15. Be2 Rac8 16. f4 Nc6 17. Nc2 Be8 18. g4 d5 19. g5 Ne4 20. Nxe4 Bxb2 21. cxd5 exd5 22. Ng3 Ne7 23. Bg4 Bd7 24. Bxd7 Rxd7 25. Nd4 Bxd4 26. Rxd4 Qa5 27. Ne4 Rdc7 28. Nf6+ Kg7 29. Qf3 h5 30. Nxd5 Nxd5 31. Rxd5 Qxa2 32. f5 Qxb3 33. fxg6 fxg6 34. Qf6+ Kh7 35. Qe6 Rg7 36. Qxc8 Qxd5 37. Rf8 Qxg5+ 38. Kf2 Qh4+ 39. Kf1 Kh6 40. Rh8+ Kg5 41. Qd8+ Kg4 42. Qd4+ Kh3 43. Qxg7 Qc4+ 44. Ke1 Qc1+ 45. Ke2 Qc2+ 46. Kf3 Qf5+ 47. Ke2 Qc2+ 48. Ke1 Qc1+ 49. Kf2 Qc2+ 50. Ke1 1/2-1/2

[Event "CZE-chT2A 0910"]
[Site "Czech Republic"]
[Date "2010.02.14"]
[Round "7.8"]
[White "Pravdik, Kamil"]
[Black "Kalous, Miroslav"]
[Result "1-0"]
[WhiteElo "2015"]
[BlackElo "2104"]
[PlyCount "119"]
[EventDate "2009.10.18"]
[EventType "team-tourn"]
[EventRounds "11"]
[EventCountry "CZE"]
[SourceTitle "EXT 2012"]
[Source "ChessBase"]
[SourceDate "2011.11.24"]
[SourceVersion "1"]
[SourceVersionDate "2011.11.24"]
[SourceQuality "1"]
[WhiteTeam "Tabor"]
[BlackTeam "Praha Bohemians II"]
[WhiteTeamCountry "CZE"]
[BlackTeamCountry "CSR"]

1. e4 e6 2. d4 d5 3. Nc3 Bb4 4. e5 Ne7 5. a3 Bxc3+ 6. bxc3 b6 7. Qg4 Ng6 8. a4 Ba6 9. Bd3 Qc8 10. Ne2 Bxd3 11. cxd3 c5 12. dxc5 bxc5 13. 0-0 0-0 14. f4 f5 15. exf6 Rxf6 16. c4 d4 17. Ng3 Ne7 18. Ne4 Rg6 19. Qh5 Nd7 20. Rf3 Nf5 21. Rh3 Rh6 22. Qf3 Rxh3 23. Qxh3 Rb8 24. g4 Ne7 25. Qh5 Nf6 26. Qxc5 Qxc5 27. Nxc5 Nxg4 28. h3 Nf6 29. Nxe6 Nf5 30. Ba3 Re8 31. Re1 Nh5 32. Re4 Nhg3 33. Re5 Rb8 34. Rb5 Re8 35. Re5 Rb8 36. Kf2 h6 37. Nxd4 Nh1+ 38. Kg2 Nxd4 39. Kxh1 Rb3 40. Bc5 Nf3 41. Re3 Rb1+ 42. Kg2 Nh4+ 43. Kf2 Ra1 44. Re8+ Kh7 45. Ra8 Ng6 46. Rxa7 Nxf4 47. Rxg7+ Kxg7 48. Bd4+ Kg6 49. Bxa1 Nxd3+ 50. Ke3 Nc5 51. a5 Kf5 52. Bd4 Na6 53. Bb6 h5 54. Kd4 Kg5 55. Bd8+ Kf5 56. Kd5 Nb4+ 57. Kc5 Nd3+ 58. Kd6 Ne5 59. c5 Nf7+ 60. Kc7 1-0

[Event "Tabor op"]
[Site "Tabor"]
[Date "2008.08.02"]
[Round "8"]
[White "Pravdik, Kamil"]
[Black "Gutman, Petr"]
[Result "1/2-1/2"]
[WhiteElo "2024"]
[BlackElo "2156"]
[PlyCount "37"]
[EventDate "2008.07.26"]
[EventType "swiss"]
[EventRounds "9"]
[EventCountry "CZE"]
[SourceTitle "CBM 125 Extra"]
[Source "ChessBase"]
[SourceDate "2008.09.01"]
[SourceVersion "1"]
[SourceVersionDate "2008.09.01"]
[SourceQuality "1"]

1. e4 c5 2. Nf3 d6 3. d4 cxd4 4. Nxd4 Nf6 5. Nc3 a6 6. Be2 e5 7. Nb3 Be7 8. 0-0 Be6 9. Be3 b5 10. a4 b4 11. Nd5 Bxd5 12. exd5 Nbd7 13. a5 Nc5 14. Bc4 Nfd7 15. Qe2 Qc7 16. Nxc5 Nxc5 17. Rfd1 0-0 18. Bxc5 Qxc5 19. Bxa6 1/2-1/2

[Event "Tabor op"]
[Site "Tabor"]
[Date "2008.08.01"]
[Round "7"]
[White "Pravdik, Kamil"]
[Black "Novotny, Pavel"]
[Result "1-0"]
[WhiteElo "2024"]
[BlackElo "1839"]
[PlyCount "83"]
[EventDate "2008.07.26"]
[EventType "swiss"]
[EventRounds "9"]
[EventCountry "CZE"]
[SourceTitle "CBM 125 Extra"]
[Source "ChessBase"]
[SourceDate "2008.09.01"]
[SourceVersion "1"]
[SourceVersionDate "2008.09.01"]
[SourceQuality "1"]

1. e4 c5 2. Nf3 Nc6 3. d4 cxd4 4. Nxd4 Nf6 5. Nc3 a6 6. Nxc6 bxc6 7. e5 Nd5 8. Nxd5 cxd5 9. Qxd5 Rb8 10. Bc4 e6 11. Qd4 Bb7 12. 0-0 Qc7 13. Be3 d5 14. Bd3 Be7 15. Qg4 Qxe5 16. Bf4 Qd4 17. Qg3 Rc8 18. Be5 Qh4 19. Qxh4 Bxh4 20. Bxg7 Rg8 21. Bh6 e5 22. Rfe1 e4 23. c3 f5 24. Bf4 Kf7 25. Bc2 Bf6 26. Bb3 Ke7 27. Rad1 Rgd8 28. Be3 Bc6 29. Rd2 Rd7 30. Red1 Rcd8 31. f3 Be5 32. Bg5+ Bf6 33. Bxf6+ Kxf6 34. fxe4 fxe4 35. Kf2 Ke5 36. Ke3 a5 37. Rf2 Bb5 38. Rd4 Ra8 39. c4 Bc6 40. cxd5 Bxd5 41. Rxd5+ Rxd5 42. Bxd5 1-0

[Event "Tabor op"]
[Site "Tabor"]
[Date "2008.07.31"]
[Round "6"]
[White "Kuciel, Wladyslaw"]
[Black "Pravdik, Kamil"]
[Result "1/2-1/2"]
[WhiteElo "2129"]
[BlackElo "2024"]
[PlyCount "41"]
[EventDate "2008.07.26"]
[EventType "swiss"]
[EventRounds "9"]
[EventCountry "CZE"]
[SourceTitle "CBM 125 Extra"]
[Source "ChessBase"]
[SourceDate "2008.09.01"]
[SourceVersion "1"]
[SourceVersionDate "2008.09.01"]
[SourceQuality "1"]

1. Nf3 d5 2. d4 c6 3. c4 Nf6 4. Nc3 dxc4 5. a4 Bf5 6. e3 e6 7. Bxc4 Bb4 8. 0-0 Nbd7 9. Qe2 Bg6 10. e4 0-0 11. Bd3 Bh5 12. e5 Nd5 13. Bd2 c5 14. Nxd5 Bxd2 15. Qxd2 Bxf3 16. Nf4 Bc6 17. Qe3 Qg5 18. dxc5 Nxc5 19. Qxc5 Qxf4 20. Rfe1 Rfd8 21. Qc2 1/2-1/2

[Event "Tabor op"]
[Site "Tabor"]
[Date "2007.08.05"]
[Round "9"]
[White "Danes, Jaroslav"]
[Black "Pravdik, Kamil"]
[Result "1-0"]
[WhiteElo "2235"]
[BlackElo "2011"]
[PlyCount "55"]
[EventDate "2007.07.29"]
[EventType "swiss"]
[EventRounds "9"]
[EventCountry "CZE"]
[SourceTitle "EXT 2009"]
[Source "ChessBase"]
[SourceDate "2008.11.26"]
[SourceVersion "1"]
[SourceVersionDate "2008.11.26"]
[SourceQuality "1"]

1. d4 Nf6 2. Nf3 d5 3. c4 c6 4. e3 Bg4 5. Nc3 e6 6. cxd5 Bxf3 7. Qxf3 cxd5 8. Bd3 Be7 9. Bd2 Nc6 10. Qe2 a6 11. 0-0 0-0 12. Rac1 Rc8 13. Rfd1 Qd6 14. Be1 Rfd8 15. f4 Nd7 16. Na4 Nb4 17. Bb1 b5 18. Nc5 Nc6 19. Nb7 Qc7 20. Nxd8 Qxd8 21. Rc2 Nf6 22. Rdc1 Qd7 23. Bh4 g6 24. a4 Qb7 25. axb5 axb5 26. Bxf6 Bxf6 27. Rc5 b4 28. Qc2 1-0

[Event "Tabor op"]
[Site "Tabor"]
[Date "2007.08.03"]
[Round "7"]
[White "Kuciel, Wladyslaw"]
[Black "Pravdik, Kamil"]
[Result "1-0"]
[WhiteElo "2162"]
[BlackElo "2011"]
[PlyCount "53"]
[EventDate "2007.07.29"]
[EventType "swiss"]
[EventRounds "9"]
[EventCountry "CZE"]
[SourceTitle "EXT 2009"]
[Source "ChessBase"]
[SourceDate "2008.11.26"]
[SourceVersion "1"]
[SourceVersionDate "2008.11.26"]
[SourceQuality "1"]

1. d4 Nf6 2. Nf3 d5 3. c4 c6 4. Nc3 dxc4 5. a4 Bf5 6. e3 e6 7. Bxc4 Bb4 8. 0-0 Nbd7 9. Qe2 Bg6 10. e4 0-0 11. Bd3 Bh5 12. e5 Nd5 13. Bd2 Be7 14. Rfe1 a5 15. Nxd5 cxd5 16. Bxh7+ Kxh7 17. Ng5+ Bxg5 18. Qxh5+ Bh6 19. Ra3 f5 20. Bxh6 Nf6 21. exf6 gxh6 22. Rxe6 Rxf6 23. Rae3 Rxe6 24. Qf7+ Kh8 25. Rxe6 Qg5 26. g3 f4 27. Rg6 1-0

[Event "Tabor op"]
[Site "Tabor"]
[Date "2007.07.30"]
[Round "2"]
[White "Pravdik, Kamil"]
[Black "Lacina, Adolf"]
[Result "0-1"]
[WhiteElo "2011"]
[BlackElo "2252"]
[PlyCount "56"]
[EventDate "2007.07.29"]
[EventType "swiss"]
[EventRounds "9"]
[EventCountry "CZE"]
[SourceTitle "EXT 2009"]
[Source "ChessBase"]
[SourceDate "2008.11.26"]
[SourceVersion "1"]
[SourceVersionDate "2008.11.26"]
[SourceQuality "1"]

1. d4 Nf6 2. c4 e6 3. Nf3 c5 4. g3 cxd4 5. Nxd4 Nc6 6. Bg2 Qb6 7. Nxc6 bxc6 8. 0-0 d5 9. cxd5 cxd5 10. b3 a5 11. Nd2 Ba6 12. Bb2 Be7 13. Re1 Rd8 14. Rc1 0-0 15. e3 Bd3 16. Nf3 Be4 17. Ne5 Bxg2 18. Kxg2 Rc8 19. Re2 Qb7 20. Bd4 Ne4 21. Rec2 f6 22. Qg4 Rxc2 23. Qxe6+ Kh8 24. Rxc2 fxe5 25. Bxe5 Ng5 26. Qc6 Qb4 27. Qxd5 Qg4 28. f4 Rd8 0-1

[Event "CZE-chT2a 0607"]
[Site "Czech Republic"]
[Date "2007.03.25"]
[Round "10.7"]
[White "Chalus, Karel"]
[Black "Pravdik, Kamil"]
[Result "1/2-1/2"]
[WhiteElo "2092"]
[BlackElo "2005"]
[PlyCount "61"]
[EventDate "2006.10.15"]
[EventType "team"]
[EventRounds "11"]
[EventCountry "CZE"]
[SourceTitle "EXT 2009"]
[Source "ChessBase"]
[SourceDate "2008.11.26"]
[SourceVersion "1"]
[SourceVersionDate "2008.11.26"]
[SourceQuality "1"]
[WhiteTeam "Plzen Letna"]
[BlackTeam "Tabor II"]
[WhiteTeamCountry "CZE"]
[BlackTeamCountry "CZE"]

1. e4 c5 2. Nf3 e6 3. d4 cxd4 4. Nxd4 Nf6 5. Bd3 Nc6 6. Nxc6 dxc6 7. 0-0 e5 8. h3 Be7 9. Qe2 0-0 10. Nd2 Be6 11. Nf3 Nd7 12. Bc4 Bxc4 13. Qxc4 Qc7 14. a4 Rad8 15. Be3 b6 16. Rfd1 Nc5 17. b3 Nb7 18. Qe2 Bc5 19. c3 Bxe3 20. Qxe3 Rd6 21. Rxd6 Qxd6 22. b4 c5 23. a5 bxa5 24. bxa5 a6 25. Nd2 Rd8 26. Nc4 Qd3 27. Nxe5 Qxe3 28. fxe3 f6 29. Nc4 Re8 30. Rb1 Rxe4 31. Nd2 1/2-1/2

[Event "CZE-chT2a 0607"]
[Site "Czech Republic"]
[Date "2007.01.14"]
[Round "6.8"]
[White "Pravdik, Kamil"]
[Black "Jancarik, Joel"]
[Result "1/2-1/2"]
[WhiteElo "2005"]
[BlackElo "1937"]
[PlyCount "86"]
[EventDate "2006.10.15"]
[EventType "team"]
[EventRounds "11"]
[EventCountry "CZE"]
[SourceTitle "EXT 2009"]
[Source "ChessBase"]
[SourceDate "2008.11.26"]
[SourceVersion "1"]
[SourceVersionDate "2008.11.26"]
[SourceQuality "1"]
[WhiteTeam "Tabor II"]
[BlackTeam "Kobylisy"]
[WhiteTeamCountry "CZE"]
[BlackTeamCountry "CZE"]

1. d4 Nf6 2. c4 e6 3. Nc3 Bb4 4. Qc2 Nc6 5. Nf3 d6 6. e4 Bxc3+ 7. bxc3 e5 8. d5 Nb8 9. c5 Qe7 10. cxd6 cxd6 11. Bb5+ Bd7 12. a4 0-0 13. 0-0 Rc8 14. Ba3 Bxb5 15. axb5 Qc7 16. Rfc1 Nbd7 17. Qe2 Nc5 18. Nd2 Nfd7 19. c4 h6 20. Rc3 Qb6 21. Rg3 Nf6 22. Qe3 Kh7 23. Bxc5 Rxc5 24. Nb3 Rcc8 25. Nd2 Rc5 26. Qf3 a5 27. Qf5+ Kh8 28. Raa3 Qd8 29. Rgc3 b6 30. h3 g6 31. Qf3 Kg7 32. g4 Nd7 33. Qg2 Rcc8 34. Qf1 Qf6 35. Rf3 Qe7 36. Rfc3 Nc5 37. f4 f6 38. f5 g5 39. Qe2 Rh8 40. h4 Rh7 41. Nb3 Nxb3 42. Rcxb3 Qc7 43. h5 Rhh8 1/2-1/2

[Event "CZE-chT2a 0607"]
[Site "Czech Republic"]
[Date "2006.12.17"]
[Round "5.6"]
[White "Dlabek, Emil"]
[Black "Pravdik, Kamil"]
[Result "1-0"]
[WhiteElo "2181"]
[BlackElo "2005"]
[PlyCount "63"]
[EventDate "2006.10.15"]
[EventType "team"]
[EventRounds "11"]
[EventCountry "CZE"]
[SourceTitle "EXT 2009"]
[Source "ChessBase"]
[SourceDate "2008.11.26"]
[SourceVersion "1"]
[SourceVersionDate "2008.11.26"]
[SourceQuality "1"]
[WhiteTeam "Vrsovice II"]
[BlackTeam "Tabor II"]
[WhiteTeamCountry "CZE"]
[BlackTeamCountry "CZE"]

1. d4 d5 2. Nf3 c6 3. e3 Nf6 4. c4 Bg4 5. Qb3 Qb6 6. c5 Qc7 7. Ne5 Bf5 8. Nd2 Nbd7 9. f4 Ne4 10. Be2 g6 11. 0-0 Bg7 12. Nxe4 Bxe4 13. Nxd7 Qxd7 14. Bd3 Bxd3 15. Qxd3 f5 16. a4 0-0 17. b4 a6 18. Bd2 Ra7 19. b5 axb5 20. axb5 Rfa8 21. Rxa7 Rxa7 22. bxc6 bxc6 23. Rb1 Bf6 24. Qb3 e6 25. Qb8+ Kf7 26. Ba5 Kg7 27. Rb3 Bh4 28. g3 Be7 29. Bb6 Ra2 30. Bc7 Kh6 31. Rb7 Bxc5 32. Be5 1-0

[Event "CZE-chT2a 0607"]
[Site "Czech Republic"]
[Date "2006.11.05"]
[Round "2.6"]
[White "Pravdik, Kamil"]
[Black "Spevacek, Ivo"]
[Result "1/2-1/2"]
[WhiteElo "2005"]
[BlackElo "1956"]
[PlyCount "151"]
[EventDate "2006.10.15"]
[EventType "team"]
[EventRounds "11"]
[EventCountry "CZE"]
[SourceTitle "EXT 2009"]
[Source "ChessBase"]
[SourceDate "2008.11.26"]
[SourceVersion "1"]
[SourceVersionDate "2008.11.26"]
[SourceQuality "1"]
[WhiteTeam "Tabor II"]
[BlackTeam "Plzen Loko"]
[WhiteTeamCountry "CZE"]
[BlackTeamCountry "CZE"]

1. d4 Nf6 2. c4 e6 3. Nc3 c5 4. d5 exd5 5. cxd5 d6 6. e4 g6 7. Nf3 Bg7 8. Be2 0-0 9. 0-0 Re8 10. Nd2 a6 11. a4 Nbd7 12. Qc2 Ne5 13. Ra3 Nh5 14. Bxh5 gxh5 15. Ne2 h4 16. f4 Ng4 17. h3 Nf6 18. Re1 Nh5 19. f5 Rb8 20. a5 Bd7 21. Nf3 h6 22. Be3 Qe7 23. Nd2 Bb5 24. Bf2 Bf6 25. Nc3 Kh8 26. Nxb5 axb5 27. Rf3 Ra8 28. Ra1 Rg8 29. Nf1 Qf8 30. Ne3 Qg7 31. Ng4 Bxb2 32. Rb1 Bd4 33. Rxb5 Nf6 34. Bxd4 cxd4 35. Nxf6 Qxf6 36. Qd2 Rg5 37. Rxb7 Rag8 38. Rf2 Qe5 39. Rb4 Qxe4 40. Qxd4+ Qxd4 41. Rxd4 Ra8 42. Rxh4 Kg7 43. Ra4 Kf6 44. g4 h5 45. Re2 hxg4 46. hxg4 Rag8 47. Ree4 Rxf5 48. a6 Rh5 49. a7 Rhh8 50. Ra6 Kg5 51. Rea4 Ra8 52. Rxd6 f5 53. gxf5 Kxf5 54. Rd7 Ke5 55. Kf2 Rhc8 56. Ra5 Rc3 57. Rb7 Rcc8 58. Ke3 Rc3+ 59. Kd2 Rcc8 60. Kd3 Rh8 61. Rab5 Rh3+ 62. Kc4 Ra3 63. Re7+ Kf6 64. Rbb7 Ra1 65. Kc5 Rc1+ 66. Kd6 Ra1 67. Rf7+ Kg6 68. Rg7+ Kh6 69. Rgc7 Kg6 70. Kd7 Kf7 71. d6 Ra6 72. Rb8 R8xa7 73. Kd8+ Ke6 74. d7 Rxc7 75. Kxc7 Ra7+ 76. Kc8 1/2-1/2

[Event "Tabor op"]
[Site "Tabor"]
[Date "2005.08.??"]
[Round "4"]
[White "Hipp, Pavel"]
[Black "Pravdik, Kamil"]
[Result "1/2-1/2"]
[WhiteElo "1767"]
[BlackElo "2044"]
[PlyCount "118"]
[EventDate "2005.07.30"]
[EventType "swiss"]
[EventRounds "9"]
[EventCountry "CZE"]
[SourceTitle "EXT 2006"]
[Source "ChessBase"]
[SourceDate "2005.11.24"]
[SourceVersion "1"]
[SourceVersionDate "2005.11.24"]
[SourceQuality "1"]

1. d4 Nf6 2. Nf3 d5 3. Bg5 Ne4 4. Bf4 Bf5 5. Nbd2 e6 6. e3 Be7 7. Nxe4 Bxe4 8. Bd3 Bxd3 9. Qxd3 0-0 10. 0-0 c5 11. c3 a6 12. a4 Nc6 13. Ne5 Rc8 14. Rfd1 f6 15. Nxc6 Rxc6 16. Qe2 f5 17. Be5 c4 18. f3 Rb6 19. Rd2 Bg5 20. f4 Be7 21. g4 Qe8 22. Kh1 Kf7 23. g5 g6 24. h4 Rg8 25. h5 Bf8 26. Kg2 Ke7 27. h6 Rb3 28. Kf3 Kf7 29. Kg3 Be7 30. Kf3 Qc6 31. Ra2 Ra8 32. Qd1 Qb6 33. Qa1 Qa5 34. Rc2 Qd8 35. Re2 Ra7 36. Rc2 Qd7 37. Ke2 b5 38. axb5 Qxb5 39. Ra5 Qb6 40. Kd2 Bd8 41. Ra4 Rb5 42. Qa2 Ke8 43. Kc1 Kd7 44. Rd2 Kc6 45. Re2 Ra5 46. Rxa5 Qxa5 47. Qxa5 Bxa5 48. Re1 Rb7 49. Kc2 Bd8 50. Ra1 Kb5 51. Bd6 a5 52. Ba3 Ka6 53. Bc5 Be7 54. Bxe7 Rxe7 55. Re1 Rb7 56. Ra1 Rb3 57. Ra4 Kb5 58. Ra1 a4 59. Ra2 Ka5 1/2-1/2

[Event "Tabor op"]
[Site "Tabor"]
[Date "2005.08.??"]
[Round "?"]
[White "Pravdik, Kamil"]
[Black "Kuca, Tomas"]
[Result "1-0"]
[WhiteElo "2044"]
[BlackElo "1361"]
[PlyCount "83"]
[EventDate "2005.07.30"]
[EventType "swiss"]
[EventRounds "9"]
[EventCountry "CZE"]
[SourceTitle "EXT 2006"]
[Source "ChessBase"]
[SourceDate "2005.11.24"]
[SourceVersion "1"]
[SourceVersionDate "2005.11.24"]
[SourceQuality "1"]

1. e4 e5 2. Nf3 Nc6 3. Bb5 a6 4. Ba4 b5 5. Bb3 Be7 6. 0-0 Nf6 7. Re1 0-0 8. d3 Bb7 9. c3 Na5 10. Nxe5 d6 11. Nf3 Nxb3 12. Qxb3 Nd7 13. d4 Re8 14. Bf4 Nb6 15. Nbd2 d5 16. e5 Nc4 17. Qc2 Nxd2 18. Qxd2 Bc8 19. Bg5 Bf5 20. Qf4 Qd7 21. Re3 Bxg5 22. Nxg5 c6 23. Rae1 Be6 24. Rg3 Rf8 25. Ree3 f6 26. Nxe6 Qxe6 27. Qh6 Rf7 28. Rxg7+ Rxg7 29. exf6 Qg4 30. Qxg7+ Qxg7 31. fxg7 a5 32. Re7 a4 33. a3 Rc8 34. f4 c5 35. dxc5 Rxc5 36. Kf2 d4 37. cxd4 Rc2+ 38. Kf3 Rxb2 39. f5 Rb3+ 40. Kf4 Rxa3 41. f6 Ra1 42. Re8+ 1-0

[Event "Tabor op"]
[Site "Tabor"]
[Date "2005.08.??"]
[Round "?"]
[White "Pravdik, Kamil"]
[Black "Marhoun, Vaclav"]
[Result "1/2-1/2"]
[WhiteElo "2044"]
[BlackElo "1768"]
[PlyCount "81"]
[EventDate "2005.07.30"]
[EventType "swiss"]
[EventRounds "9"]
[EventCountry "CZE"]
[SourceTitle "EXT 2006"]
[Source "ChessBase"]
[SourceDate "2005.11.24"]
[SourceVersion "1"]
[SourceVersionDate "2005.11.24"]
[SourceQuality "1"]

1. e4 d6 2. d4 Nf6 3. Nc3 c6 4. Be3 Bg4 5. Be2 Bxe2 6. Ngxe2 Nbd7 7. 0-0 e6 8. Kh1 Be7 9. f4 Ng4 10. Bg1 0-0 11. Ng3 Ngf6 12. e5 Nd5 13. Nce4 Qc7 14. c4 Nb4 15. a3 Na6 16. Rc1 f5 17. exf6 Bxf6 18. Qg4 Rae8 19. b4 d5 20. Nxf6+ Nxf6 21. Qe2 dxc4 22. Qxc4 Qd7 23. Be3 Qd5 24. Qd3 Rd8 25. Rcd1 Nc7 26. a4 Na6 27. Rb1 Qd6 28. b5 Nb4 29. Qb3 Nbd5 30. f5 cxb5 31. axb5 Kh8 32. Bg5 e5 33. dxe5 Qxe5 34. Rfe1 Qc3 35. Qxc3 Nxc3 36. Rb3 Rfe8 37. Rxe8+ Rxe8 38. Bd2 Ne2 39. Nxe2 Rxe2 40. Rd3 h6 41. Kg1 1/2-1/2